Gender in the language classroom /
Women as experts in language; Gender and achievement; Males and females in interaction; Male and female behavior in academic settings; Male/female interaction in the communicative foreign language classroom; Motivation, attitudes, beliefs, and curricular preferences; Learning styles and strategic be...
Gardado en:
| Autor Principal: | |
|---|---|
| Formato: | Libro |
| Idioma: | English |
| Publicado: |
Boston :
McGraw-Hill,
2001.
|
| Những chủ đề: | |
| Các nhãn: |
Engadir etiqueta
Sen Etiquetas, Sexa o primeiro en etiquetar este rexistro!
|
| Thư viện lưu trữ: | Mạng thư viện Đại học Đà Nẵng |
|---|
| LEADER | 01435nam a2200337 a 4500 | ||
|---|---|---|---|
| 001 | 000041429 | ||
| 003 | 16465 | ||
| 005 | 20190904091506.0 | ||
| 008 | 171030s2001 | ||
| 020 | |a 0072367490 | ||
| 040 | |a lnn |c lnn |d lnn | ||
| 041 | 0 | |a eng | |
| 082 | 0 | 4 | |a 410.71 |2 21 |b CH-M |
| 100 | 1 | |a Chavez, Monika. | |
| 245 | 1 | 0 | |a Gender in the language classroom / |c Monika Chavez. |
| 260 | |a Boston : |b McGraw-Hill, |c 2001. | ||
| 300 | |a xviii, 243 p. ; |c 23 cm. | ||
| 500 | |a Includes bibliographical references and index. | ||
| 520 | 3 | |a Women as experts in language; Gender and achievement; Males and females in interaction; Male and female behavior in academic settings; Male/female interaction in the communicative foreign language classroom; Motivation, attitudes, beliefs, and curricular preferences; Learning styles and strategic behavior. | |
| 630 | 0 | 4 | |a Language and languages. |
| 650 | 0 | 4 | |a Language and languages |x Study and teaching. |
| 650 | 0 | 4 | |a Sex differences in education. |
| OWN | |a LNN | ||
| AVA | |a UDN50 |b LNN |c English |d 410.71 CH-M |e available |t Error 5001 Not defined in file expand_doc_bib_avail. |f 1 |g 0 |h N |i 0 |j AN |k 1 | ||
| 999 | |a From the UDN01 | ||
| AVA | |a UDN50 |b LNN |c English |d 410.71 CH-M |e available |t Error 5001 Not defined in file expand_doc_bib_avail. |f 1 |g 0 |h N |i 0 |j AN |k 1 | ||
| TYP | |a Monograph | ||
| TYP | |a Printed language | ||
| 980 | |a Mạng thư viện Đại học Đà Nẵng | ||


